000 01670cam a2200169 4500500
005 20260426012538.0
041 _afre
042 _adc
100 1 0 _aMouloungui, Clotaire
_eauthor
245 0 0 _aLe coût du travail intrafamilial
260 _c2005.
500 _a93
520 _aL’activité des sociétés familiales et des entreprises individuelles bénéficie souvent de l’aide des membres de la famille. Il s’agit en général d’une aide purement gratuite. Mais cette situation de gratuité va progressivement s’arrêter. En voici les principaux motifs : lutte contre le travail déguisé, le travail au noir ; lutte contre le travail des enfants ; lutte contre la concurrence déloyale et le dumping social ; lutte pour le financement de la sécurité sociale au moyen des taxes sur les salaires. Les concepts juridiques utilisés par les législateurs et les juges sont ici le contrat de travail à salaire différé ; l’enrichissement sans cause ; l’amende.
520 _aThe cost of intra-family work The activity of the family and of the individual entreprises often benefits from the assistance of the members of the family. In general, it takes the form of a purely free help. But this situation will gradually end. Here are the principal reasons: fight against disguised work; moonlighting, fight against the work of children; fight against unfair competition and social dumping; fight for the financing of the social security by means of wage taxes.
786 0 _nInnovations | 22 | 2 | 2005-09-01 | p. 139-158 | 1267-4982
856 4 1 _uhttps://shs.cairn.info/revue-innovations-2005-2-page-139?lang=fr&redirect-ssocas=7080
999 _c2224239
_d2224239